ARRUPE JESUIT UNIVERSITY

CORONAVIRUS -STOP THE SPREAD - CLEAN,DISINFECT,COVER

We cover the world/ (Record no. 124054)

MARC details
000 -LEADER
fixed length control field 00822cam a22002651 4500
001 - CONTROL NUMBER
control field 8773335
003 - CONTROL NUMBER IDENTIFIER
control field ARRUPE
005 - DATE AND TIME OF LATEST TRANSACTION
control field 20160205122336.0
008 - FIXED-LENGTH DATA ELEMENTS--GENERAL INFORMATION
fixed length control field 750520s1937 nyu 000 0ceng
010 ## - LIBRARY OF CONGRESS CONTROL NUMBER
LC control number 37027346
035 ## - SYSTEM CONTROL NUMBER
System control number (OCoLC)1347203
040 ## - CATALOGING SOURCE
Original cataloging agency DLC
Transcribing agency FO
Modifying agency OCoLC
-- DLC
042 ## - AUTHENTICATION CODE
Authentication code premarc
050 00 - LIBRARY OF CONGRESS CALL NUMBER
Classification number PN4871
Item number .L9
082 ## - DEWEY DECIMAL CLASSIFICATION NUMBER
Classification number 920.5
300 ## - PHYSICAL DESCRIPTION
Dimensions 22 cm.
100 1# - MAIN ENTRY--PERSONAL NAME
Personal name Lyons, Eugene (ed.)
Dates associated with a name 1898-
9 (RLIN) 21851
245 10 - TITLE STATEMENT
Title We cover the world/
Statement of responsibility, etc by sixteen foreign correspondents, edited by Eugene Lyons.
260 ## - PUBLICATION, DISTRIBUTION, ETC. (IMPRINT)
Place of publication, distribution, etc New York,
Name of publisher, distributor, etc Harcourt, Brace and Company
Date of publication, distribution, etc [c1937]
300 ## - PHYSICAL DESCRIPTION
Extent 3 p. l., 3-441 p.
500 ## - GENERAL NOTE
General note Maps on lining-papers.
500 ## - GENERAL NOTE
General note "First edition."
650 #0 - SUBJECT ADDED ENTRY--TOPICAL TERM
Topical term or geographic name as entry element Journalists
General subdivision Correspondence, reminiscences.
9 (RLIN) 21853
906 ## - LOCAL DATA ELEMENT F, LDF (RLIN)
a 7
b cbc
c oclcrpl
d u
e ncip
f 19
g y-gencatlg
942 ## - ADDED ENTRY ELEMENTS (KOHA)
Source of classification or shelving scheme Library of Congress Classification
Koha item type SPC
Holdings
Withdrawn status Lost status Source of classification or shelving scheme Damaged status Not for loan Collection code Home library Current library Shelving location Date acquired Total Checkouts Full call number Barcode Date last seen Price effective from Koha item type
    Library of Congress Classification     SPECIAL Collection ARRUPE LIBRARY ARRUPE LIBRARY Reference 27/01/2016   SPC PN4871 .L9 46500006141 27/01/2016 27/01/2016 SPC

 

Arrupe Library. PO Box MP320 Mt Pleasant, Harare, Zimbabwe
263 242 745411|librarian@aju.ac.zw